Periodistas y elecciones en Nicaragua

Sábháilte in:
Sonraí bibleagrafaíochta
Formáid: Téacs
Ábhair:
Clibeanna: Cuir clib leis
Níl clibeanna ann, Bí ar an gcéad duine le clib a chur leis an taifead seo!

MARC

LEADER 00000 a a2200000 04500
001 6547
003
040
245 |a Periodistas y elecciones en Nicaragua  
650 |a VOTACIONES  
650 |a MEDIOS DE COMUNICACION  
650 |a PERIODISTAS  
773 |g volumen 22, número 979; páginas 6-8  
999 |c 27398  |d 27398